000 00293nam a22001337a 4500
020 _a817826332-7
082 _a823
_bGRI/R
100 _aBROTHERS GRIMM
245 _aRUMPELSTILSKIN
260 _aDELHI
_bROHAN BOOK COMPANY
300 _a220
650 _aMODERN ILLUSTRATED CLASSICS
942 _cBK
999 _c347
_d347